000 00391nam a22001697a 4500
005 20160625115255.0
008 160625b xxu||||| |||| 00| 0 eng d
020 _a81-85392-75-7
041 _aeng
082 _b10173
100 _aMencher, Melvin
_92732
245 _aBasic News Writing
260 _bUniversal Book
300 _a443
650 _aMass Communication
_92660
942 _cBK
999 _c3988
_d3987